Drácula (Registro nro. 4665)

Detalles MARC
000 -CABECERA
Longitud fija campo de control 01016nam a2200289Ia 4500
005 - • FECHA Y HORA DE LA ÚLTIMA TRANSACCIÓN
Fecha y hora de la última transacción 20260220004408.0
008 - • CÓDIGOS DE INFORMACIÓN DE LONGITUD FIJA
Códigos de información de longitud fija 160601s1999 sp g 000 0 spa
020 ## - • NÚMERO INTERNACIONAL NORMALIZADO PARA LIBROS
Número Internacional Normalizado para Libros (ISBN) 8476729162
020 ## - • NÚMERO INTERNACIONAL NORMALIZADO PARA LIBROS
Número Internacional Normalizado para Libros (ISBN) 9788476729168
040 ## - FUENTE DE LA CATALOGACIÓN
Centro catalogador de origen CO-BoRNBP
Lengua de catalogación spa
Normas de descripción rda
Centro transcriptor CO-BoRNBP
084 ## - • Clasificación Local Alfanúmerica PNLB
Número de clasificación N STO2
100 1# - • PUNTO DE ACCESO PRINCIPAL-NOMBRE DE PERSONA
Nombre de persona Stoker, Bram
Fechas asociadas al nombre 1847-1912
245 10 - • TITULO PROPIAMENTE DICHO
Título Drácula
Mención de responsabilidad, etc. Bram Stoker ; traducción Elena Cortada de la Rosa ; prólogo y presentación Francesc Ll. Cardona
250 ## - • MENCIÓN DE EDICIÓN
Mención de edición 1a. edición
264 ## - PRODUCCIÓN, PUBLICACIÓN , DISTRIBUCIÓN, FABRICACIÓN Y COPYRIGHT
Lugar de producción, publicación, distribución, fabricación Barcelona
Nombre del productor, editor, distribuidor, fabricante Edicomunicación
Fecha de de producción, publicación, distribución, fabricación o copyright 1999
300 ## - • DESCRIPCIÓN FÍSICA
Extensión 351 p
Dimensiones 22 cm
336 ## - TIPO DE CONTENIDO
Término de tipo de contenido texto
Código de tipo de contenido txt
Fuente rdacontent
337 ## - TIPO DE MEDIO
Nombre del tipo de medio sin mediación
Código del tipo de medio n
Fuente rdamedia
338 ## - TIPO DE SOPORTE
Nombre del tipo de soporte volumen
Código del tipo de soporte nc
Fuente rdacarrier
650 14 - • PUNTO DE ACCESO ADICIONAL DE MATERIA - TÉRMINO DE MATERIA
Fuente del encabezamiento o término LEMB
Término de materia o nombre geográfico como elemento inicial Novela juvenil inglesa
Subdivisión cronológica Siglo XIX
650 14 - • PUNTO DE ACCESO ADICIONAL DE MATERIA - TÉRMINO DE MATERIA
Fuente del encabezamiento o término LEMB
Término de materia o nombre geográfico como elemento inicial Literatura juvenil inglesa
Subdivisión cronológica Siglo XIX
650 14 - • PUNTO DE ACCESO ADICIONAL DE MATERIA - TÉRMINO DE MATERIA
Fuente del encabezamiento o término LEMB
Término de materia o nombre geográfico como elemento inicial Vampiros en la literatura
650 14 - • PUNTO DE ACCESO ADICIONAL DE MATERIA - TÉRMINO DE MATERIA
Fuente del encabezamiento o término LEMB
Término de materia o nombre geográfico como elemento inicial Terror en la literatura
700 1# - • PUNTO DE ACCESO ADICIONAL - NOMBRE DE PERSONA
Nombre de persona Cortada de la Rosa, Elena
Término indicativo de función traductor
942 ## - ENTRADA DE ELEMENTOS AGREGADOS (KOHA)
Fuente de clasificaión o esquema
Koha [por defecto] tipo de item Libro Literatura
Existencias
Perdido Fuente de clasificación o esquema Estado Físico No para préstamo Forma de adquisición Localización permanente Localización actual Localización en estanterías Fecha adquisición Préstamos totales Signatura completa Código de barras Fecha última consulta Número de copia Fecha del precio de reemplazo Tipo de item de Koha Renovaciones totales Prestado Fecha último préstamo
  Dewey Decimal Classification     Colección General Biblioteca Pública Dorado Biblioteca Pública Dorado Literatura 02/02/2023   NSTO2 DOR01563 02/02/2023 Ej.1 02/02/2023 Libro Literatura      
  Dewey Decimal Classification     Colección General Biblioteca Pública Barranca de Upia - María Dolores Herrera Biblioteca Pública Barranca de Upia - María Dolores Herrera Literatura 09/15/2023   N STO2 BUP00412 09/15/2023 Ej.1 09/15/2023 Libro Literatura      
  Dewey Decimal Classification     Sala General Biblioteca Pública Mapiripan Biblioteca Pública Mapiripan Literatura 01/18/2024   N STO2 MAP00002307 01/18/2024 Ej.1 01/18/2024 Libro Literatura      
  Clasificación Local Facetada     Literatura General Biblioteca Pública San Juanito - Ernesto Maria Peña Romero Biblioteca Pública San Juanito - Ernesto Maria Peña Romero Literatura 02/20/2026 1 N STO2 SJU02740 03/11/2026 Ej.1 02/20/2026 Libro Literatura 2 04/22/2026 03/11/2026
  Dewey Decimal Classification     Colección General Biblioteca Pública Uribe - Reinerio Arenas Biblioteca Pública Uribe - Reinerio Arenas Literatura 12/11/2024   N STO2 URI01851 12/11/2024 Ej.1 12/11/2024 Libro Literatura      









Instituto Departamental de Cultura del Meta - Red Departamental de Bibliotecas Públicas del Meta.